Name a Pokémon of Every Type Combo - Gen I (Limited) - Statistics

General Stats
  • This quiz has been taken 46 times
  • The average score is 30 of 34
Answer Stats
Type Combo # of Pokémon Answer % Correct
Single-type Pokémon Fire 10 Charmander | Charmeleon | Vulpix | Ninetales | Growlithe | Arcanine | Ponyta | Rapidash | Magmar | Flareon
100%
Single-type Pokémon Electric 8 Pikachu | Raichu | Magnemite | Magneton | Voltorb | Electrode | Electabuzz | Jolteon
100%
Single-type Pokémon Bug 3 Caterpie | Metapod | Pinsir
97%
Single-type Pokémon Fighting 7 Mankey | Primeape | Machop | Machoke | Machamp | Hitmonlee | Hitmonchan
97%
Single-type Pokémon Dragon 2 Dratini | Dragonair
94%
Single-type Pokémon Normal 16 Rattata | Raticate | Clefairy | Clefable | Jigglypuff | Wigglytuff | Meowth | Persian | Lickitung | Chansey | Kangaskhan | Tauros | Ditto | Eevee | Porygon | Snorlax
94%
Single-type Pokémon Water 18 Squirtle | Wartortle | Blastoise | Psyduck | Golduck | Poliwag | Poliwhirl | Seel | Shellder | Krabby | Kingler | Horsea | Seadra | Goldeen | Seaking | Staryu | Magikarp | Vaporeon
94%
Single-type Pokémon Psychic 8 Abra | Kadabra | Alakazam | Drowzee | Hypno | Mr. Mime | Mewtwo | Mew
91%
Dual-type Pokémon Grass/Poison 9 Bulbasaur | Ivysaur | Venusaur | Oddish | Gloom | Vileplume | Bellsprout | Weepinbell | Victreebel
91%
Dual-type Pokémon Fire/Flying 2 Charizard | Moltres
91%
Single-type Pokémon Poison 10 Ekans | Arbok | Nidoran♀ | Nidorina | Nidoran♂ | Nidorino | Grimer | Muk | Koffing | Weezing
91%
Dual-type Pokémon Ghost/Poison 3 Gastly | Haunter | Gengar
91%
Dual-type Pokémon Normal/Flying 8 Pidgey | Pidgeotto | Pidgeot | Spearow | Fearow | Farfetch'd | Doduo | Dodrio
91%
Single-type Pokémon Ground 6 Sandshrew | Sandslash | Diglett | Dugtrio | Cubone | Marowak
91%
Dual-type Pokémon Bug/Poison 5 Weedle | Kakuna | Beedrill | Venonat | Venomoth
91%
Dual-type Pokémon Rock/Flying 1 Aerodactyl
88%
Dual-type Pokémon Ice/Flying 1 Articuno
88%
Dual-type Pokémon Bug/Flying 2 Butterfree | Scyther
88%
Dual-type Pokémon Dragon/Flying 1 Dragonite
88%
Dual-type Pokémon Rock/Ground 4 Geodude | Graveler | Golem | Onix
88%
Dual-type Pokémon Ice/Psychic 1 Jynx
88%
Dual-type Pokémon Electric/Flying 1 Zapdos
88%
Dual-type Pokémon Water/Ice 3 Dewgong | Cloyster | Lapras
85%
Dual-type Pokémon Poison/Ground 2 Nidoqueen | Nidoking
85%
Dual-type Pokémon Water/Psychic 3 Slowpoke | Slowbro | Starmie
85%
Single-type Pokémon Grass 1 Tangela
85%
Dual-type Pokémon Bug/Grass 2 Paras | Parasect
82%
Dual-type Pokémon Water/Flying 1 Gyarados
79%
Dual-type Pokémon Water/Fighting 1 Poliwrath
79%
Dual-type Pokémon Ground/Rock 2 Rhyhorn | Rhydon
79%
Dual-type Pokémon Grass/Psychic 2 Exeggcute | Exeggutor
76%
Dual-type Pokémon Rock/Water 4 Omanyte | Omastar | Kabuto | Kabutops
76%
Dual-type Pokémon Water/Poison 2 Tentacool | Tentacruel
76%
Dual-type Pokémon Poison/Flying 2 Zubat | Golbat
76%
No matching quizzes found
Score Distribution
Percent of People with Each Score
Percentile by Number Answered
Your Score History
You have not taken this quiz